Sports Quiz

Random Sports Quiz
Score 0/40 Timer 10:00
0 Plays Today
Season Player % Correct
2017-18Connor McDavid
100%
1987-88Mark Messier
100%
1985-86Wayne Gretzky
100%
2019-20Leon Draisaitl
89.5%
1999-00Ryan Smyth
89.5%
1996-97Ryan Smyth
89.5%
1986-87Jari Kurri
89.5%
1984-85Paul Coffey
84.2%
1993-94Doug Weight
78.9%
2015-16Ryan Nugent-Hopkins
73.7%
2012-13Jordan Eberle
73.7%
2011-12Ryan Nugent-Hopkins
73.7%
1979-80Kevin Lowe
73.7%
2008-09Shawn Horcoff
68.4%
2005-06Shawn Horcoff
68.4%
2003-04Shawn Horcoff
68.4%
1991-92Esa Tikkanen
57.9%
1990-91Steve Smith
57.9%
1988-89Doug Smith
57.9%
2018-19Milan Lucic
47.4%
Season Player % Correct
2009-10Dustin Penner
36.8%
2000-01Bill Guerin
36.8%
1998-99Kevin Brown
36.8%
1989-90Jimmy Carson
36.8%
1992-93Bernie Nicholls
31.6%
1980-81Blair MacDonald
31.6%
1995-96Zdeno Ciger
26.3%
1982-83Jaroslav Pouzar
26.3%
2016-17Pat Maroon
21.1%
2010-11Gilbert Brule
21.1%
2007-08Tom Gilbert
21.1%
1994-95David Oliver
21.1%
1981-82Brett Callighen
21.1%
2006-07Petr Sykora
15.8%
1997-98Dean McAmmond
15.8%
2014-15Teddy Purcell
10.5%
2002-03Georges Laraque
10.5%
2001-02Dan Cleary
5.3%
2013-14Luke Gazdic
0%
1983-84Tom Roulston
0%
Remove Ads.
Support Sporcle.
Get the best of Sporcle when you Go Orange. This ad-free experience offers more features, more stats, and more fun while also helping to support Sporcle. Thank you for becoming a member.

You're not logged in!

Compare scores with friends on all Sporcle quizzes.
OR
Log In

Show Comments

Extras

Top Quizzes Today


Score Distribution

Your Account Isn't Verified!

In order to create a playlist on Sporcle, you need to verify the email address you used during registration. Go to your Sporcle Settings to finish the process.

Report this User

Report this user for behavior that violates our Community Guidelines.

Details: